A passion for gold : an autobiography /

Bibliographic Details
Main Author: Roberts, Ralph Jackson, 1911-2007
Other Authors: Gentry, Mary Beth, 1945-
Format: eBook
Language:English
Published: Reno : University of Nevada Press, c2002. [date of publication not identified]
Subjects:
Online Access:Connect to the full text of this electronic book

MARC

Tag First Indicator Second Indicator Subfields
LEADER 00000cam a22000004a 4500
001 in00003389757
005 20190405194705.0
006 m d
007 cr |||||||nn|n
008 020327s2002 nvu o d eng d
010 |z  2002004779 
020 |a 9780874175851 
020 |z 087417502X (hardcover : alk. paper) 
020 |z 9780874175028 
035 |a (MdBmJHUP)muse9780874175851 
040 |a MdBmJHUP  |c MdBmJHUP  |d UtOrBLW 
043 |a n-us--- 
050 0 0 |a QE22.R59  |b A3 2002 
082 0 0 |a 551/.092  |a B  |2 21 
100 1 |a Roberts, Ralph Jackson,  |d 1911-2007. 
245 1 2 |a A passion for gold :  |b an autobiography /  |c Ralph J. Roberts with Mary Beth Gentry. 
264 1 |a Reno :  |b University of Nevada Press, c2002.  |c [date of publication not identified] 
300 |a 1 online resource (xvii, 232 pages :) :  |b illustrations, maps 
336 |a text  |b txt  |2 rdacontent 
337 |a computer  |b c  |2 rdamedia 
338 |a online resource  |b cr  |2 rdacarrier 
504 |a Includes bibliographical references (pages [214]-222) and index. 
505 8 |a Machine generated contents note: Geology 101: Nevada Gold and Mountain Building -- 2 The Early Years, 1911-1939 -- 3 Sonoma Range, 1939-I942 -- 4 The Antler Orogeny -- 5 Mineral Deposits of Central America -- 6 Military Geology -- 7 Postwar Washington, D.C., and the Defense Minerals Exploration Program: Salt Lake City USGS, I950-I954 -- 8 Eureka County, 1954-1965 -- 9 The Oquirrhs: Bingham Copper-Gold Project, 1956-1971 -- 10 Life in Saudi Arabia, I97I-1978 -- II Ophir: Mahd adh Dhahab, "Cradle of Gold" -- 12 Dreams Turned to Ashes, I960-2000 -- 13 VEKA -- I4 Consulting, I986-I994 -- 15 Mij -- I6 Epilogue. 
588 |a Description based on print version record. 
500 |a Electronic resource. 
600 1 0 |a Roberts, Ralph Jackson,  |d 1911-2007. 
650 0 |a Geologists  |z United States  |v Biography. 
655 7 |a Electronic books.  |2 local 
700 1 |a Gentry, Mary Beth,  |d 1945- 
856 4 0 |u http://proxy.library.tamu.edu/login?url=http://muse.jhu.edu/books/9780874175851/  |z Connect to the full text of this electronic book  |t 0 
999 |a MARS 
999 f f |s 5642775d-8fd1-3013-8395-11ef032dbb8e  |i a5ec4ac7-4f7c-38f2-ba64-c85d9c54a36c  |t 0 
952 f f |a Texas A&M University  |b College Station  |c Electronic Resources  |d Available Online  |t 0  |e QE22.R59 A3 2002  |h Library of Congress classification 
998 f f |a QE22.R59 A3 2002  |t 0  |l Available Online